| 000 | 00980cam a2200301 a 4500 | ||
|---|---|---|---|
| 001 | 15694078 | ||
| 003 | OSt | ||
| 005 | 20140310182726.0 | ||
| 008 | 090409s2009 nyu 001 0 eng | ||
| 010 | _a 2009013648 | ||
| 020 | _a9780230210271 (pbk.) | ||
| 020 | _a0230210279 (pbk.) | ||
| 040 |
_aDLC _cDLC _dDLC |
||
| 050 | 0 | 0 |
_aPN 2039 _b.R53 2009 |
| 100 | 1 | _aRidout, Nicholas Peter. | |
| 245 | 1 | 0 |
_aTheatre & ethics / _cNicholas Ridout. |
| 260 |
_aNew York : _bPalgrave Macmillan, _c2009. |
||
| 300 |
_a76 p. : _c18 cm. |
||
| 500 | _aIncludes indexes. | ||
| 521 | _aMC | ||
| 650 | 0 |
_aTheater _xPhilosophy. |
|
| 650 | 0 | _aTheater and society. | |
| 906 |
_a7 _bcbc _corignew _d1 _eecip _f20 _gy-gencatlg |
||
| 942 |
_2lcc _cBK _kFOR |
||
| 999 |
_c15400 _d15400 |
||